Wszystkie postacie w Brawl Stars - Statystyki

Ogólne statystyki
  • Ten quiz został rozwiązany 1 225 razy
  • Średni wynik to 15 z 27
Statystyki odpowiedzi
Hint Odpowiedź % Poprawnych
1. Shelly
90%
3. Colt
82%
4. Bull
80%
2. Nita
78%
25. Leon
73%
26. Crow
64%
27. Spike
64%
10. El primo
60%
5. Jessie
59%
8. Bo
58%
7. Dynamike
57%
6. Brock
56%
12. Rosa
54%
9. Tick
53%
24. Mortis
52%
11. Poco
49%
13. Barley
48%
18. Frank
43%
23. Tara
43%
21. Bibi
42%
22. Gene
40%
19. Pam
40%
14. Penny
40%
20. Piper
39%
16. Rico
39%
17. Darryl
37%
15. Carl
32%
Nie znaleziono quizów pasujących do podanych kryteriów
Rozkład punktacji
Procent ludzi z każdym wynikiem
Percentyl według liczby udzielonych odpowiedzi
Twoja historia wyników
Nie rozwiązałeś tego quizu